El fet de la reivindicació jurídica catalana (Record no. 100547)

MARC details
000 -LEADER
campo de control de longitud fija 00699nam a2200169 i 4500
001 - NÚMERO DE CONTROL
campo de control 100547
003 - IDENTIFICADOR DE NÚMERO DE CONTROL
campo de control ES-MaACL
005 - FECHA Y HORA DE LA ÚLTIMA TRANSACCIÓN
campo de control 20230906182708.0
007 - CAMPO FIJO DE DESCRIPCIÓN FÍSICA--INFORMACIÓN GENERAL
campo de control de longitud fija t|
008 - DATOS DE LONGITUD FIJA--INFORMACIÓN GENERAL
campo de control de longitud fija 050929s1919 sp ||||1| cat d
100 1# - ENTRADA PRINCIPAL--NOMBRE DE PERSONA
Nombre de persona Maspons i Anglasell, F. (
Fechas asociadas al nombre 1872-1966)
9 (RLIN) 149336
245 13 - MENCIÓN DEL TÍTULO
Título El fet de la reivindicació jurídica catalana
Resto del título : discurso llegit pel Sr. President [de la Acad. de Jurisprudencia y Legilació de Barcelona] en la sesió inaugural del curs de 1918-1919 /
Mención de responsabilidad, etc. Francisco Maspons y Anglasell.
260 ## - PUBLICACIÓN, DISTRIBUCIÓN, ETC.
Lugar de publicación, distribución, etc. Barcelona :
Nombre del editor, distribuidor, etc. [s.n.],
Fecha de publicación, distribución, etc. 1919.
300 ## - DESCRIPCIÓN FÍSICA
Extensión 48 p. ;
Dimensiones 24 cm.
594 ## - Nota al título y mención de responsabilidad
Nota al título y mención de responsabilidad Precede al tít.: Academia de Jurisprudencia y Legislación de Barcelona.
852 ## - LOCALIZACIÓN
Ubicación ES-MaACL
Número de control de estantería 1584-F-6
Holdings
Estatus retirado Estado de pérdida Estado de daño No para préstamo Colección Biblioteca de origen Biblioteca actual Ubicación en estantería Fecha de adquisición Fuente de adquisición Total de préstamos Signatura topográfica completa Código de barras Visto por última vez Precio de reemplazo Tipo de ítem Koha
        Colección de folletos Biblioteca del Ateneo de Madrid Biblioteca del Ateneo de Madrid Depósito folletos 17/01/2008     1584-F-6 1104979 23/02/2023 23/02/2023 Folleto